| 000 | 02449cam a2200205 4500500 | ||
|---|---|---|---|
| 005 | 20251228052519.0 | ||
| 041 | _afre | ||
| 042 | _adc | ||
| 100 | 1 | 0 |
_aElkabetz, Ronit _eauthor |
| 700 | 1 | 0 |
_aDhoquois-Cohen, Régine _eauthor |
| 700 | 1 | 0 |
_aSharon, Anne-Marie _eauthor |
| 700 | 1 | 0 |
_aLas, Nelly _eauthor |
| 245 | 0 | 0 | _aLa deliquescence du droit du travail en Israël |
| 260 | _c2005. | ||
| 500 | _a39 | ||
| 520 | _aCet article porte sur l’occupation de la place jouxtant le quartier général de l’armée à Rio de Janeiro au lendemain du second tour de l’élection présidentielle brésilienne de 2022. Cette mobilisation a réuni des électeurs et militants bolsonaristes radicaux appelant l’armée à défaire le résultat de l’élection pour restaurer le Président défait, Jair Bolsonaro. Son étude nous renseigne sur les dynamiques de l’action collective dans les franges radicales du bolsonarisme. Tout en ayant recours à un répertoire d’action non violent, à savoir l’occupation d’une place, les participants empruntent aux conceptions et logiques d’action des milieux militaires. La dualité de cette mobilisation nous renseigne plus généralement sur une dimension centrale du bolsonarisme, à savoir la mobilisation des règles du jeu démocratique et de l’État de droit pour en disqualifier les fondements et les procédures. | ||
| 520 | _aThis article looks at the occupation of the square next to the army headquarters in Rio de Janeiro the day after the second round of Brazil’s 2022 presidential election. This mobilization brought together radical Bolsonarist voters and activists calling on the army to undo the election result to restore the defeated President, Jair Bolsonaro. This study provides insights into the dynamics of collective action in the radical fringes of Bolsonarism. While resorting to a non-violent repertoire of action, namely the occupation of a square, the participants borrowed from the conceptions and logics of action of military circles. The duality of this mobilization provides insight more generally into a central dimension of Bolsonarism, namely the mobilization of the rules of democracy and the rule of law to disqualify their foundations and procedures. | ||
| 786 | 0 | _nConfluences Méditerranée | 54 | 3 | 2005-09-01 | p. 61-67 | 1148-2664 | |
| 856 | 4 | 1 | _uhttps://shs.cairn.info/revue-confluences-mediterranee-2005-3-page-61?lang=fr&redirect-ssocas=7080 |
| 999 |
_c1583768 _d1583768 |
||